[Event "Team Championship Russia (Blitz, Men)"]
[Site "Sochi"]
[Date "2018.10.10"]
[Round "8.28"]
[White "Murzin, Volodar"]
[Black "Nuristani, Iman"]
[Result "0-1"]
[BlackElo "2295"]
[WhiteElo "2450"]
[LiveChessVersion "1.4.8"]

1. e4 {[%clk 0:03:03]} e6 {[%clk 0:03:04]} 2. d3 {[%clk 0:03:03]} d5
{[%clk 0:03:05]} 3. Nd2 {[%clk 0:03:04]} Nf6 {[%clk 0:03:06]} 4. Ngf3
{[%clk 0:03:06]} dxe4 {[%clk 0:03:07]} 5. dxe4 {[%clk 0:03:06]} b6
{[%clk 0:03:08]} 6. c3 {[%clk 0:03:04]} Bb7 {[%clk 0:03:09]} 7. Qc2
{[%clk 0:03:05]} Be7 {[%clk 0:02:52]} 8. Be2 {[%clk 0:02:56]} Nbd7
{[%clk 0:02:52]} 9. O-O {[%clk 0:02:51]} O-O {[%clk 0:02:18]} 10. e5
{[%clk 0:02:08]} Nd5 {[%clk 0:01:28]} 11. Ne4 {[%clk 0:01:55]} h6
{[%clk 0:01:19]} 12. a3 {[%clk 0:01:49]} Nc5 {[%clk 0:00:45]} 13. Nxc5
{[%clk 0:01:37]} bxc5 {[%clk 0:00:42]} 14. c4 {[%clk 0:01:22]} Nb6
{[%clk 0:00:41]} 15. Be3 {[%clk 0:01:22]} Qd7 {[%clk 0:00:38]} 16. Rfd1
{[%clk 0:01:13]} Qc6 {[%clk 0:00:27]} 17. Ne1 {[%clk 0:01:02]} Qe4
{[%clk 0:00:13]} 18. Qc3 {[%clk 0:00:34]} Qg6 {[%clk 0:00:07]} 19. f4
{[%clk 0:00:13]} a5 {[%clk 0:00:07]} 20. Bf3 Bxf3 {[%clk 0:00:06]} 21. Nxf3
{[%clk 0:00:13]} Qe4 {[%clk 0:00:07]} 22. Nd2 {[%clk 0:00:12]} Qc6
{[%clk 0:00:05]} 23. Qc2 {[%clk 0:00:12]} a4 {[%clk 0:00:04]} 24. Ne4
{[%clk 0:00:12]} Rad8 {[%clk 0:00:04]} 25. Kf2 {[%clk 0:00:12]} Rb8
{[%clk 0:00:06]} 26. Rd2 {[%clk 0:00:10]} Rb7 {[%clk 0:00:06]} 27. Rad1
{[%clk 0:00:10]} Rfb8 {[%clk 0:00:07]} 28. Kf1 {[%clk 0:00:06]} Bf8
{[%clk 0:00:07]} 29. Bxc5 {[%clk 0:00:05]} Bxc5 {[%clk 0:00:07]} 30. Nxc5
{[%clk 0:00:06]} g6 {[%clk 0:00:05]} 31. Nxb7 {[%clk 0:00:07]} Rxb7
{[%clk 0:00:06]} 32. Rd8+ {[%clk 0:00:07]} Kg7 {[%clk 0:00:08]} 33. Qd3
{[%clk 0:00:06]} Nxc4 {[%clk 0:00:09]} 34. Rc8 {[%clk 0:00:05]} Qa6
{[%clk 0:00:08]} 35. Qe2 {[%clk 0:00:05]} Ne3+ {[%clk 0:00:09]} 36. Ke1
{[%clk 0:00:07]} Qxe2+ {[%clk 0:00:11]} 37. Kxe2 {[%clk 0:00:08]} Nxd1
{[%clk 0:00:12]} 38. Ke1 Rxb2 39. Kxd1 {[%clk 0:00:08]} Ra2 {[%clk 0:00:13]} 40.
g3 {[%clk 0:00:09]} Rxa3 {[%clk 0:00:14]} 41. Rxc7 {[%clk 0:00:10]} Ra2
{[%clk 0:00:15]} 42. Ra7 {[%clk 0:00:11]} h5 {[%clk 0:00:14]} 43. Ke1
{[%clk 0:00:12]} a3 {[%clk 0:00:15]} 44. Kf1 {[%clk 0:00:13]} Kf8
{[%clk 0:00:11]} 45. Kg1 {[%clk 0:00:14]} Ke8 {[%clk 0:00:13]} 46. h4
{[%clk 0:00:14]} Kd8 {[%clk 0:00:10]} 47. Kh1 {[%clk 0:00:13]} Rc2
{[%clk 0:00:10]} 48. Rxf7 {[%clk 0:00:14]} a2 {[%clk 0:00:11]} 49. Ra7
{[%clk 0:00:15]} Rc1+ {[%clk 0:00:12]} 50. g4 {[%clk 0:00:17]} a1=Q+
{[%clk 0:00:13]} 51. Kg2 {[%clk 0:00:17]} 0-1

[Event "Team Championship Russia (Blitz, Men)"]
[Site "Sochi"]
[Date "2018.10.10"]
[Round "8.29"]
[White "Girshgorn, Leonid"]
[Black "Shkurkin, Andrey"]
[Result "1-0"]
[BlackElo "2218"]
[WhiteElo "2242"]
[LiveChessVersion "1.4.8"]

1. d4 {[%clk 0:03:02]} Nf6 {[%clk 0:03:03]} 2. Bf4 {[%clk 0:03:03]} d5
{[%clk 0:02:43]} 3. e3 {[%clk 0:03:04]} c5 {[%clk 0:02:39]} 4. c3
{[%clk 0:03:05]} Nc6 {[%clk 0:02:33]} 5. Nd2 {[%clk 0:03:06]} cxd4
{[%clk 0:02:30]} 6. exd4 {[%clk 0:03:06]} Bf5 {[%clk 0:02:30]} 7. Qb3
{[%clk 0:03:07]} Qc8 {[%clk 0:02:30]} 8. Ngf3 {[%clk 0:03:07]} e6
{[%clk 0:02:28]} 9. Nh4 {[%clk 0:02:59]} Be4 {[%clk 0:02:28]} 10. Nxe4
{[%clk 0:02:32]} dxe4 {[%clk 0:02:28]} 11. Be2 {[%clk 0:02:32]} h6
{[%clk 0:02:18]} 12. Be5 {[%clk 0:02:27]} Be7 {[%clk 0:01:51]} 13. g3
{[%clk 0:02:03]} Nxe5 {[%clk 0:01:45]} 14. dxe5 {[%clk 0:02:04]} Nd7
{[%clk 0:01:33]} 15. Ng2 {[%clk 0:02:00]} Nxe5 {[%clk 0:01:09]} 16. Qa4+
{[%clk 0:02:00]} Nc6 {[%clk 0:00:35]} 17. Qxe4 {[%clk 0:02:00]} O-O
{[%clk 0:00:36]} 18. O-O {[%clk 0:01:52]} Bf6 {[%clk 0:00:28]} 19. Bd3
{[%clk 0:01:51]} g6 {[%clk 0:00:27]} 20. h4 {[%clk 0:01:51]} Ne7 {[%clk 0:00:21]}
21. h5 {[%clk 0:01:49]} Qc6 {[%clk 0:00:22]} 22. hxg6 {[%clk 0:01:45]} Nxg6
{[%clk 0:00:20]} 23. Qg4 {[%clk 0:01:44]} Kh8 {[%clk 0:00:04]} 24. Bxg6
{[%clk 0:01:35]} fxg6 {[%clk 0:00:05]} 25. Qxg6 {[%clk 0:01:36]} Bg7
{[%clk 0:00:06]} 26. Rae1 {[%clk 0:01:35]} Rf6 {[%clk 0:00:07]} 27. Qg4
{[%clk 0:01:36]} Raf8 {[%clk 0:00:07]} 28. Nf4 {[%clk 0:01:32]} Kh7
{[%clk 0:00:03]} 29. Nxe6 {[%clk 0:01:26]} R8f7 {[%clk 0:00:03]} 30. Nd8
{[%clk 0:01:23]} Qd7 {[%clk 0:00:04]} 31. Qe4+ {[%clk 0:01:21]} Qf5
{[%clk 0:00:04]} 32. Qxf5+ {[%clk 0:01:21]} Rxf5 {[%clk 0:00:05]} 33. Nxf7
{[%clk 0:01:22]} Rxf7 {[%clk 0:00:06]} 34. Re2 {[%clk 0:01:23]} Rf6
{[%clk 0:00:05]} 35. Kg2 {[%clk 0:01:23]} Rb6 {[%clk 0:00:06]} 36. Rd1
{[%clk 0:01:24]} a5 {[%clk 0:00:07]} 37. Rd7 {[%clk 0:01:24]} Kg6
{[%clk 0:00:06]} 38. Ree7 {[%clk 0:01:25]} Bf6 {[%clk 0:00:06]} 39. Rxb7
{[%clk 0:01:25]} 1-0

[Event "Team Championship Russia (Blitz, Men)"]
[Site "Sochi"]
[Date "2018.10.10"]
[Round "8.30"]
[White "Ivlev, Aleksey"]
[Black "Tsvetkov, Andrey"]
[Result "0-1"]
[BlackElo "2215"]
[WhiteElo "2359"]
[LiveChessVersion "1.4.8"]

1. d4 {[%clk 0:03:03]} d5 {[%clk 0:03:04]} 2. c4 e6 3. Nf3 {[%clk 0:03:05]} Nf6
{[%clk 0:03:08]} 4. g3 dxc4 5. Bg2 {[%clk 0:03:08]} Bb4+ {[%clk 0:03:10]} 6. Nbd2
{[%clk 0:03:05]} b5 {[%clk 0:03:11]} 7. O-O {[%clk 0:03:04]} O-O {[%clk 0:03:12]}
8. a4 {[%clk 0:03:05]} c6 {[%clk 0:03:13]} 9. Qc2 {[%clk 0:03:01]} Bb7
{[%clk 0:03:11]} 10. b3 {[%clk 0:03:02]} c3 {[%clk 0:03:00]} 11. Nb1
{[%clk 0:03:03]} c5 {[%clk 0:03:01]} 12. Nxc3 {[%clk 0:02:57]} cxd4
{[%clk 0:02:49]} 13. Nxb5 {[%clk 0:02:58]} Be4 {[%clk 0:02:26]} 14. Qc4
{[%clk 0:02:57]} Nc6 {[%clk 0:02:07]} 15. Nbxd4 {[%clk 0:02:32]} Nxd4
{[%clk 0:01:49]} 16. Nxd4 {[%clk 0:02:31]} Bxg2 {[%clk 0:01:22]} 17. Kxg2
{[%clk 0:02:31]} Qb6 {[%clk 0:01:11]} 18. Nb5 {[%clk 0:02:24]} a5
{[%clk 0:01:02]} 19. Bb2 {[%clk 0:02:22]} Rac8 {[%clk 0:00:53]} 20. Qh4
{[%clk 0:02:22]} Nd5 {[%clk 0:00:49]} 21. Rac1 {[%clk 0:02:03]} f6
{[%clk 0:00:26]} 22. e4 {[%clk 0:01:52]} Ne7 {[%clk 0:00:28]} 23. Qg4
{[%clk 0:01:48]} Ng6 {[%clk 0:00:28]} 24. h4 {[%clk 0:01:45]} Ne5
{[%clk 0:00:28]} 25. Bxe5 {[%clk 0:01:41]} fxe5 {[%clk 0:00:30]} 26. Qe2
{[%clk 0:01:24]} Bc5 {[%clk 0:00:27]} 27. Rcd1 {[%clk 0:01:19]} Rf7
{[%clk 0:00:25]} 28. f3 {[%clk 0:01:19]} Rcf8 {[%clk 0:00:21]} 29. Rd3
{[%clk 0:01:20]} Bd4 {[%clk 0:00:17]} 30. Rc1 {[%clk 0:01:08]} Rd8
{[%clk 0:00:17]} 31. Rc4 {[%clk 0:01:08]} Rfd7 {[%clk 0:00:18]} 32. Qc2
{[%clk 0:00:41]} h6 {[%clk 0:00:13]} 33. Rc6 {[%clk 0:00:41]} Qb7
{[%clk 0:00:12]} 34. Qc4 {[%clk 0:00:39]} Kh7 {[%clk 0:00:08]} 35. Qxe6
{[%clk 0:00:38]} Bb2 {[%clk 0:00:03]} 36. Rxd7 Rxd7 37. Qf5+ {[%clk 0:00:17]} Kg8
{[%clk 0:00:06]} 38. Qe6+ Kh7 39. Rd6 {[%clk 0:00:14]} Rf7 {[%clk 0:00:06]} 40.
h5 {[%clk 0:00:11]} Rf6 {[%clk 0:00:06]} 41. Qd5 {[%clk 0:00:11]} Qe7
{[%clk 0:00:05]} 42. Rxf6 {[%clk 0:00:11]} Qxf6 {[%clk 0:00:07]} 43. Qd7
{[%clk 0:00:08]} Qb6 {[%clk 0:00:07]} 44. Qf5+ {[%clk 0:00:08]} Kg8
{[%clk 0:00:08]} 45. Qc8+ {[%clk 0:00:09]} Kh7 {[%clk 0:00:10]} 46. Qc2
{[%clk 0:00:06]} Bd4 {[%clk 0:00:11]} 47. Qd3 {[%clk 0:00:07]} Qc5
{[%clk 0:00:12]} 48. f4 {[%clk 0:00:08]} Ba1 {[%clk 0:00:12]} 49. f5
{[%clk 0:00:09]} Bb2 {[%clk 0:00:11]} 50. Nd6 {[%clk 0:00:09]} Bd4
{[%clk 0:00:13]} 51. Nc4 {[%clk 0:00:08]} Qb4 {[%clk 0:00:13]} 52. g4
{[%clk 0:00:08]} Qe1 {[%clk 0:00:12]} 53. Kf3 {[%clk 0:00:05]} Qf2#
{[%clk 0:00:13]} 0-1

[Event "Team Championship Russia (Blitz, Men)"]
[Site "Sochi"]
[Date "2018.10.10"]
[Round "8.31"]
[White "Mochalin, Faddey"]
[Black "Chizhikov, Vladislav"]
[Result "1-0"]
[BlackElo "2240"]
[WhiteElo "1886"]
[LiveChessVersion "1.4.8"]

1. d4 {[%clk 0:03:03]} d5 {[%clk 0:03:03]} 2. Nf3 {[%clk 0:03:04]} c6
{[%clk 0:03:04]} 3. c4 {[%clk 0:03:05]} e6 {[%clk 0:03:05]} 4. e3
{[%clk 0:03:06]} f5 {[%clk 0:03:05]} 5. Be2 {[%clk 0:03:05]} Nf6 {[%clk 0:03:06]}
6. O-O {[%clk 0:03:05]} Bd6 {[%clk 0:03:06]} 7. Ne5 {[%clk 0:02:52]} O-O
{[%clk 0:03:05]} 8. f4 {[%clk 0:02:53]} Ne4 {[%clk 0:03:03]} 9. Nd2
{[%clk 0:02:52]} Nd7 {[%clk 0:02:58]} 10. Nxe4 {[%clk 0:02:49]} fxe4
{[%clk 0:02:58]} 11. Nxd7 {[%clk 0:02:47]} Bxd7 {[%clk 0:02:58]} 12. c5
{[%clk 0:02:48]} Bc7 {[%clk 0:02:56]} 13. Bd2 {[%clk 0:02:41]} Rf6
{[%clk 0:02:51]} 14. g3 {[%clk 0:02:36]} Qe7 {[%clk 0:02:36]} 15. b4
{[%clk 0:02:34]} a6 {[%clk 0:02:35]} 16. a4 {[%clk 0:02:34]} Rh6 {[%clk 0:02:01]}
17. Rf2 {[%clk 0:02:35]} Kh8 {[%clk 0:02:02]} 18. Kh1 {[%clk 0:02:36]} Rg8
{[%clk 0:02:02]} 19. Qb3 {[%clk 0:02:36]} g5 {[%clk 0:01:59]} 20. Rg1
{[%clk 0:01:17]} Qg7 {[%clk 0:01:52]} 21. Qd1 {[%clk 0:00:17]} Bd8
{[%clk 0:01:52]} 22. Qf1 {[%clk 0:00:16]} Rg6 {[%clk 0:01:46]} 23. fxg5
{[%clk 0:00:15]} Be8 {[%clk 0:01:37]} 24. h4 {[%clk 0:00:08]} e5 {[%clk 0:01:33]}
25. dxe5 Bc7 26. Bc3 {[%clk 0:00:08]} Bxe5 {[%clk 0:01:36]} 27. Bxe5
{[%clk 0:00:07]} Qxe5 {[%clk 0:01:36]} 28. Rf4 {[%clk 0:00:07]} Qc3
{[%clk 0:01:32]} 29. Qc1 {[%clk 0:00:03]} Qxb4 {[%clk 0:01:22]} 30. Qa1+
{[%clk 0:00:05]} R6g7 {[%clk 0:01:21]} 31. Qe5 {[%clk 0:00:04]} Qd2
{[%clk 0:01:18]} 32. h5 {[%clk 0:00:04]} Bxh5 {[%clk 0:01:06]} 33. Bxh5
{[%clk 0:00:05]} Qxe3 {[%clk 0:01:06]} 34. Bf7 {[%clk 0:00:05]} Rd8
{[%clk 0:00:55]} 35. g6 {[%clk 0:00:06]} Qd3 {[%clk 0:00:21]} 36. Rh4
{[%clk 0:00:07]} Qf3+ {[%clk 0:00:22]} 37. Kh2 {[%clk 0:00:08]} Qf2+
{[%clk 0:00:06]} 38. Rg2 {[%clk 0:00:09]} 1-0

[Event "Team Championship Russia (Blitz, Men)"]
[Site "Sochi"]
[Date "2018.10.10"]
[Round "8.32"]
[White "Uzhva, Andrey"]
[Black "Dudin, Gleb"]
[Result "0-1"]
[BlackElo "2079"]
[WhiteElo "2046"]
[LiveChessVersion "1.4.8"]

1. Nf3 {[%clk 0:03:03]} Nf6 {[%clk 0:03:03]} 2. g3 {[%clk 0:03:05]} d6
{[%clk 0:02:52]} 3. Bg2 {[%clk 0:03:06]} Nbd7 {[%clk 0:02:53]} 4. O-O
{[%clk 0:03:06]} e5 {[%clk 0:02:52]} 5. c4 {[%clk 0:03:04]} Be7 {[%clk 0:02:52]}
6. Nc3 {[%clk 0:03:04]} O-O {[%clk 0:02:52]} 7. d4 {[%clk 0:02:42]} c6
{[%clk 0:02:53]} 8. e4 {[%clk 0:02:31]} Qc7 {[%clk 0:02:46]} 9. h3
{[%clk 0:02:29]} a6 {[%clk 0:02:44]} 10. Be3 {[%clk 0:02:12]} b5 {[%clk 0:02:33]}
11. cxb5 {[%clk 0:02:07]} cxb5 {[%clk 0:02:06]} 12. Rc1 {[%clk 0:01:54]} Qb8
{[%clk 0:02:03]} 13. dxe5 {[%clk 0:01:18]} dxe5 {[%clk 0:02:03]} 14. Nd5
{[%clk 0:01:19]} Bd8 {[%clk 0:01:34]} 15. Nxf6+ {[%clk 0:00:58]} Bxf6
{[%clk 0:00:53]} 16. Qe2 {[%clk 0:00:23]} Nb6 {[%clk 0:00:42]} 17. Rfd1
{[%clk 0:00:17]} Be6 {[%clk 0:00:39]} 18. Bc5 {[%clk 0:00:17]} Re8
{[%clk 0:00:34]} 19. Bd6 {[%clk 0:00:15]} Qb7 {[%clk 0:00:16]} 20. Rc7
{[%clk 0:00:16]} Bc4 {[%clk 0:00:13]} 21. Qe3 {[%clk 0:00:14]} Qb8
{[%clk 0:00:08]} 22. Rxc4 {[%clk 0:00:13]} Nxc4 {[%clk 0:00:08]} 23. Bxb8
{[%clk 0:00:09]} Nxe3 {[%clk 0:00:09]} 24. fxe3 {[%clk 0:00:09]} Raxb8
{[%clk 0:00:09]} 25. g4 {[%clk 0:00:10]} h6 {[%clk 0:00:08]} 26. h4
{[%clk 0:00:11]} Red8 {[%clk 0:00:08]} 27. Rf1 {[%clk 0:00:11]} g6
{[%clk 0:00:06]} 28. g5 {[%clk 0:00:12]} hxg5 {[%clk 0:00:08]} 29. hxg5
{[%clk 0:00:13]} Bg7 {[%clk 0:00:07]} 30. Kf2 {[%clk 0:00:14]} Rbc8
{[%clk 0:00:08]} 31. Re1 {[%clk 0:00:13]} Rc2+ {[%clk 0:00:06]} 32. Re2
{[%clk 0:00:14]} Rxe2+ {[%clk 0:00:05]} 33. Kxe2 {[%clk 0:00:16]} Kf8
{[%clk 0:00:05]} 34. Bh3 {[%clk 0:00:16]} Ke7 {[%clk 0:00:06]} 35. Nd2
{[%clk 0:00:16]} Rh8 {[%clk 0:00:05]} 36. Bg4 {[%clk 0:00:14]} Rh4
{[%clk 0:00:05]} 37. Bf3 {[%clk 0:00:15]} Rh2+ {[%clk 0:00:05]} 38. Kd3
{[%clk 0:00:13]} Kd6 {[%clk 0:00:05]} 39. b3 {[%clk 0:00:13]} Bf8
{[%clk 0:00:05]} 40. a4 {[%clk 0:00:14]} Be7 {[%clk 0:00:06]} 41. axb5
{[%clk 0:00:14]} axb5 {[%clk 0:00:07]} 42. Be2 {[%clk 0:00:13]} Rg2
{[%clk 0:00:06]} 43. Nf3 {[%clk 0:00:11]} Bxg5 {[%clk 0:00:06]} 44. Bf1
{[%clk 0:00:09]} Rg3 {[%clk 0:00:07]} 45. Nxg5 {[%clk 0:00:09]} Rxg5
{[%clk 0:00:08]} 46. Kc3 {[%clk 0:00:10]} Kc5 {[%clk 0:00:08]} 47. b4+
{[%clk 0:00:11]} Kc6 {[%clk 0:00:09]} 48. Kd2 {[%clk 0:00:12]} Rg1
{[%clk 0:00:08]} 49. Ke1 {[%clk 0:00:12]} Rh1 {[%clk 0:00:08]} 50. Kf2
{[%clk 0:00:13]} Rh2+ {[%clk 0:00:08]} 51. Bg2 {[%clk 0:00:14]} Rh8
{[%clk 0:00:09]} 52. Kg3 {[%clk 0:00:16]} Ra8 {[%clk 0:00:09]} 53. Kg4
{[%clk 0:00:10]} f6 {[%clk 0:00:10]} 54. Bh3 {[%clk 0:00:09]} Ra4
{[%clk 0:00:10]} 55. Kf3 {[%clk 0:00:10]} Rxb4 {[%clk 0:00:10]} 56. Be6
{[%clk 0:00:12]} Rb1 {[%clk 0:00:10]} 57. Bf7 {[%clk 0:00:13]} Rg1
{[%clk 0:00:10]} 58. Kf2 {[%clk 0:00:14]} Rg5 {[%clk 0:00:10]} 59. Ke2
{[%clk 0:00:15]} Kc5 60. Kd3 Rg2 {[%clk 0:00:10]} 61. Be8 {[%clk 0:00:17]} g5
{[%clk 0:00:10]} 62. Bd7 {[%clk 0:00:18]} g4 {[%clk 0:00:11]} 63. Bf5
{[%clk 0:00:18]} g3 {[%clk 0:00:11]} 64. Bh3 {[%clk 0:00:20]} Rh2
{[%clk 0:00:12]} 65. Bf1 0-1

[Event "Team Championship Russia (Blitz, Men)"]
[Site "Sochi"]
[Date "2018.10.10"]
[Round "8.33"]
[White "Chos, Alexey"]
[Black "Oparin, Grigoriy"]
[Result "0-1"]
[BlackElo "2550"]
[WhiteElo "2229"]
[LiveChessVersion "1.4.8"]

1. d4 {[%clk 0:03:03]} Nf6 {[%clk 0:03:03]} 2. c4 {[%clk 0:03:04]} e6
{[%clk 0:03:03]} 3. Nf3 {[%clk 0:03:05]} b6 {[%clk 0:03:05]} 4. e3
{[%clk 0:03:03]} Bb7 {[%clk 0:03:06]} 5. a3 {[%clk 0:03:03]} d5 {[%clk 0:03:06]}
6. Nc3 {[%clk 0:03:02]} Bd6 {[%clk 0:03:07]} 7. Bd3 {[%clk 0:03:01]} O-O
{[%clk 0:03:07]} 8. Qe2 {[%clk 0:03:02]} Nbd7 {[%clk 0:02:56]} 9. e4
{[%clk 0:02:57]} dxe4 {[%clk 0:02:49]} 10. Nxe4 {[%clk 0:02:57]} Nxe4
{[%clk 0:02:49]} 11. Bxe4 {[%clk 0:02:58]} Bxe4 {[%clk 0:02:50]} 12. Qxe4
{[%clk 0:02:59]} c5 {[%clk 0:02:51]} 13. Be3 {[%clk 0:02:51]} cxd4
{[%clk 0:02:37]} 14. Nxd4 {[%clk 0:02:51]} Nc5 {[%clk 0:02:25]} 15. Qc2
{[%clk 0:02:46]} e5 {[%clk 0:01:17]} 16. Nf5 {[%clk 0:02:38]} e4 {[%clk 0:01:18]}
17. Bxc5 {[%clk 0:02:37]} Bxc5 {[%clk 0:01:17]} 18. O-O {[%clk 0:02:34]} g6
{[%clk 0:01:11]} 19. Rad1 {[%clk 0:02:19]} Qg5 {[%clk 0:01:04]} 20. Ng3
{[%clk 0:02:14]} f5 {[%clk 0:01:04]} 21. b4 {[%clk 0:02:13]} Be7 {[%clk 0:01:04]}
22. Rd7 {[%clk 0:02:12]} Rfd8 {[%clk 0:01:00]} 23. Rfd1 {[%clk 0:02:12]} e3
{[%clk 0:00:45]} 24. fxe3 {[%clk 0:01:52]} Qxe3+ {[%clk 0:00:43]} 25. Qf2
{[%clk 0:01:53]} Qe6 {[%clk 0:00:43]} 26. Qe2 {[%clk 0:01:41]} Kf7
{[%clk 0:00:37]} 27. R1d6 {[%clk 0:01:30]} Qxd6 {[%clk 0:00:26]} 28. Rxd6
{[%clk 0:01:30]} Rxd6 {[%clk 0:00:27]} 29. c5 {[%clk 0:01:27]} bxc5
{[%clk 0:00:28]} 30. bxc5 {[%clk 0:01:28]} Re6 {[%clk 0:00:29]} 31. Qc4
{[%clk 0:01:29]} Rc8 {[%clk 0:00:31]} 32. Ne2 {[%clk 0:01:25]} Rxc5
{[%clk 0:00:32]} 33. Qa2 {[%clk 0:01:25]} Rce5 {[%clk 0:00:18]} 34. Nf4
{[%clk 0:01:18]} Bc5+ {[%clk 0:00:19]} 0-1

[Event "Team Championship Russia (Blitz, Men)"]
[Site "Sochi"]
[Date "2018.10.10"]
[Round "8.34"]
[White "Diakonova, Ekaterina"]
[Black "Linker, Mikhail"]
[Result "1/2-1/2"]
[BlackElo "2195"]
[WhiteElo "2065"]
[LiveChessVersion "1.4.8"]

1. e4 {[%clk 0:03:03]} c5 {[%clk 0:03:03]} 2. Nf3 {[%clk 0:03:04]} d6
{[%clk 0:03:04]} 3. Bb5+ {[%clk 0:03:05]} Bd7 {[%clk 0:03:05]} 4. c4
{[%clk 0:03:05]} g6 {[%clk 0:03:03]} 5. d4 {[%clk 0:02:48]} Bg7 {[%clk 0:02:57]}
6. Nc3 {[%clk 0:02:46]} cxd4 {[%clk 0:02:51]} 7. Bxd7+ {[%clk 0:02:32]} Qxd7
{[%clk 0:02:50]} 8. Nxd4 {[%clk 0:02:34]} Nc6 {[%clk 0:02:50]} 9. Be3
{[%clk 0:02:35]} Nf6 {[%clk 0:02:50]} 10. f3 {[%clk 0:02:31]} O-O
{[%clk 0:02:50]} 11. O-O {[%clk 0:02:32]} Rac8 {[%clk 0:02:34]} 12. b3
{[%clk 0:02:24]} Nxd4 {[%clk 0:02:06]} 13. Bxd4 {[%clk 0:02:25]} b6
{[%clk 0:02:03]} 14. a4 {[%clk 0:01:54]} Qb7 {[%clk 0:01:59]} 15. Nd5
{[%clk 0:01:33]} Nxd5 {[%clk 0:01:59]} 16. exd5 {[%clk 0:01:35]} a6
{[%clk 0:01:48]} 17. Bxg7 {[%clk 0:01:35]} Kxg7 {[%clk 0:01:49]} 18. Qd4+
{[%clk 0:01:36]} Kg8 {[%clk 0:01:50]} 19. Rf2 {[%clk 0:01:24]} b5
{[%clk 0:01:47]} 20. axb5 {[%clk 0:01:23]} axb5 {[%clk 0:01:46]} 21. Ra7
{[%clk 0:01:24]} Qb8 {[%clk 0:01:47]} 22. Rxe7 {[%clk 0:00:53]} bxc4
{[%clk 0:01:48]} 23. bxc4 {[%clk 0:00:54]} Qb4 {[%clk 0:01:48]} 24. Rb2
{[%clk 0:00:52]} Qa4 {[%clk 0:01:18]} 25. Ra7 {[%clk 0:00:36]} Qxc4
{[%clk 0:01:13]} 26. Qxc4 {[%clk 0:00:36]} Rxc4 {[%clk 0:01:14]} 27. Rd7
{[%clk 0:00:36]} Rd4 {[%clk 0:01:11]} 28. Rxd6 {[%clk 0:00:36]} Ra8
{[%clk 0:01:08]} 29. Rd7 {[%clk 0:00:33]} Ra1+ {[%clk 0:00:54]} 30. Kf2
{[%clk 0:00:34]} Rad1 {[%clk 0:00:55]} 31. Rbb7 {[%clk 0:00:26]} Rf4
{[%clk 0:00:52]} 32. Ke3 {[%clk 0:00:14]} Rf5 {[%clk 0:00:44]} 33. d6
{[%clk 0:00:12]} Rf6 {[%clk 0:00:43]} 34. Rd8+ {[%clk 0:00:14]} Kg7
{[%clk 0:00:44]} 35. Rdd7 {[%clk 0:00:10]} Rdxd6 {[%clk 0:00:42]} 36. Rxd6
{[%clk 0:00:11]} Rxd6 {[%clk 0:00:43]} 37. Kd4 1/2-1/2

[Event "Team Championship Russia (Blitz, Men)"]
[Site "Sochi"]
[Date "2018.10.10"]
[Round "8.35"]
[White "Alexeev, Alexey"]
[Black "Borisova, Ekaterina"]
[Result "1-0"]
[BlackElo "2000"]
[WhiteElo "2363"]
[LiveChessVersion "1.4.8"]

1. e4 {[%clk 0:03:03]} c5 {[%clk 0:03:04]} 2. Nf3 {[%clk 0:03:03]} d6
{[%clk 0:03:05]} 3. Bb5+ Bd7 4. Bxd7+ {[%clk 0:03:04]} Qxd7 {[%clk 0:03:07]} 5.
c4 {[%clk 0:03:04]} Nc6 {[%clk 0:03:08]} 6. d4 {[%clk 0:03:04]} cxd4
{[%clk 0:03:07]} 7. Nxd4 {[%clk 0:03:05]} g6 {[%clk 0:03:08]} 8. b3
{[%clk 0:03:06]} Bg7 {[%clk 0:03:08]} 9. Bb2 {[%clk 0:03:07]} Nf6
{[%clk 0:03:07]} 10. Nc3 {[%clk 0:03:08]} O-O {[%clk 0:03:07]} 11. O-O
{[%clk 0:03:08]} Rfc8 {[%clk 0:03:06]} 12. Rc1 {[%clk 0:03:02]} a6
{[%clk 0:03:01]} 13. Nxc6 {[%clk 0:02:55]} Qxc6 {[%clk 0:02:52]} 14. Nd5
{[%clk 0:02:49]} Nxd5 {[%clk 0:02:46]} 15. exd5 {[%clk 0:02:49]} Qd7
{[%clk 0:02:43]} 16. Bxg7 {[%clk 0:02:49]} Kxg7 {[%clk 0:02:44]} 17. Qd4+
{[%clk 0:02:48]} Kg8 {[%clk 0:02:44]} 18. Rfe1 {[%clk 0:02:37]} b5
{[%clk 0:02:44]} 19. Rc3 {[%clk 0:02:32]} bxc4 {[%clk 0:02:45]} 20. bxc4
{[%clk 0:02:33]} Rab8 {[%clk 0:02:44]} 21. h4 {[%clk 0:02:25]} a5
{[%clk 0:02:44]} 22. h5 {[%clk 0:02:25]} Qf5 {[%clk 0:02:16]} 23. h6
{[%clk 0:01:58]} Qf6 {[%clk 0:02:17]} 24. Qxf6 {[%clk 0:01:54]} exf6
{[%clk 0:02:18]} 25. Re7 {[%clk 0:01:46]} Rb4 {[%clk 0:01:52]} 26. Ra7
{[%clk 0:01:32]} Kf8 {[%clk 0:01:36]} 27. Rxa5 {[%clk 0:01:10]} f5
{[%clk 0:01:37]} 28. c5 {[%clk 0:01:08]} dxc5 {[%clk 0:01:35]} 29. Raxc5
{[%clk 0:01:04]} Rd8 {[%clk 0:01:26]} 30. Rd3 {[%clk 0:00:58]} Rb1+
{[%clk 0:01:25]} 31. Kh2 {[%clk 0:00:59]} Rb2 {[%clk 0:01:26]} 32. a4
{[%clk 0:00:55]} Rxf2 {[%clk 0:01:20]} 33. d6 {[%clk 0:00:45]} Rb2
{[%clk 0:01:09]} 34. d7 {[%clk 0:00:41]} Ke7 {[%clk 0:01:07]} 35. Re5+
{[%clk 0:00:42]} Kf6 {[%clk 0:01:08]} 36. Re8 {[%clk 0:00:34]} Rbb8
{[%clk 0:01:08]} 37. Rd6+ {[%clk 0:00:30]} Kg5 {[%clk 0:01:07]} 38. Rxd8
{[%clk 0:00:28]} Rxd8 {[%clk 0:01:08]} 39. a5 {[%clk 0:00:29]} Kxh6
{[%clk 0:01:01]} 40. a6 {[%clk 0:00:29]} 1-0

[Event "Team Championship Russia (Blitz, Men)"]
[Site "Sochi"]
[Date "2018.10.10"]
[Round "8.36"]
[White "Cherenkov, Andrey"]
[Black "Truskavetsky, Alexandr"]
[Result "0-1"]
[BlackElo "2307"]
[WhiteElo "2193"]
[LiveChessVersion "1.4.8"]

1. e4 {[%clk 0:03:02]} c6 {[%clk 0:03:02]} 2. d4 {[%clk 0:03:02]} d5
{[%clk 0:03:03]} 3. Nc3 {[%clk 0:03:03]} dxe4 {[%clk 0:03:04]} 4. Nxe4
{[%clk 0:03:05]} Bf5 {[%clk 0:03:05]} 5. Ng3 {[%clk 0:03:06]} Bg6
{[%clk 0:03:06]} 6. h4 {[%clk 0:03:07]} h6 {[%clk 0:03:08]} 7. N1e2
{[%clk 0:03:08]} Nf6 {[%clk 0:03:05]} 8. Nf4 {[%clk 0:03:09]} Bh7
{[%clk 0:03:05]} 9. Bc4 {[%clk 0:03:10]} e6 {[%clk 0:03:05]} 10. Qe2
{[%clk 0:03:11]} Bd6 {[%clk 0:02:58]} 11. Ngh5 {[%clk 0:03:12]} O-O
{[%clk 0:02:37]} 12. g4 {[%clk 0:03:06]} Nxh5 {[%clk 0:02:26]} 13. gxh5
{[%clk 0:03:07]} Qf6 {[%clk 0:02:14]} 14. Qe3 {[%clk 0:01:16]} e5
{[%clk 0:02:15]} 15. dxe5 {[%clk 0:01:14]} Bxe5 {[%clk 0:02:15]} 16. Bd2
{[%clk 0:01:08]} Nd7 {[%clk 0:02:11]} 17. O-O-O {[%clk 0:00:38]} Bxb2+
{[%clk 0:02:11]} 18. Kb1 {[%clk 0:00:40]} Bd4 {[%clk 0:01:59]} 19. Qg3
{[%clk 0:00:37]} b5 {[%clk 0:01:59]} 20. Bb3 {[%clk 0:00:26]} a5 {[%clk 0:02:00]}
21. a3 {[%clk 0:00:18]} b4 {[%clk 0:01:45]} 22. Bc1 {[%clk 0:00:17]} a4
{[%clk 0:01:37]} 23. Bc4 {[%clk 0:00:13]} bxa3 {[%clk 0:01:23]} 24. Bxa3
{[%clk 0:00:11]} Rfb8+ {[%clk 0:01:21]} 25. Ka2 {[%clk 0:00:12]} Bxc2
{[%clk 0:01:21]} 26. Rb1 {[%clk 0:00:05]} Bxb1+ 27. Rxb1 Rxb1 {[%clk 0:01:17]}
28. Kxb1 {[%clk 0:00:08]} Be5 {[%clk 0:01:05]} 29. Bc1 {[%clk 0:00:10]} Rb8+
{[%clk 0:01:06]} 30. Ka2 {[%clk 0:00:11]} Qf5 {[%clk 0:00:56]} 31. Bd3
{[%clk 0:00:07]} Bxf4 {[%clk 0:00:50]} 32. Bxf4 {[%clk 0:00:04]} Qd5+
{[%clk 0:00:49]} 33. Ka1 {[%clk 0:00:04]} Qd4+ {[%clk 0:00:49]} 0-1